Odvody SZČO od 1. júla 2018

Vznik, trvanie alebo zánik povinného sociálneho poistenia samostatne zárobkovo činnej osoby.

Uložené v:
Podrobná bibliografia
Hlavný autor: Gášpárová, Eva
Médium: Kapitola
Jazyk:Slovak
Predmet:
Tagy: Pridať tag
Žiadne tagy, Buďte prvý, kto otaguje tento záznam!

MARC

LEADER 00000naa a2200000 4500
001 0247622
005 20180911095213.3
041 0 |a slo 
044 |a SK 
245 1 0 |a Odvody SZČO od 1. júla 2018  |c Eva Gášpárová 
520 |a Vznik, trvanie alebo zánik povinného sociálneho poistenia samostatne zárobkovo činnej osoby. 
610 2 0 |a legislatíva 
610 2 0 |a Slovensko 
610 2 0 |a osoby samostatne zárobkovo činné 
610 2 0 |a odvody 
610 2 0 |a poistenie sociálne 
100 1 |a Gášpárová, Eva